| 000 | 01477nam a2200385 a 4500 | ||
|---|---|---|---|
| 999 |
_c194094 _d194094 |
||
| 001 | BK0002492248 | ||
| 003 | AU | ||
| 005 | 20241220162037.0 | ||
| 008 | 940801r19941954nyuab j 000 1 eng d | ||
| 010 | _aBL 99760957 | ||
| 020 |
_a9780064471060 : PAP _c$6.99 |
||
| 020 |
_a0064471063 : PAP _c$6.99 |
||
| 020 | _a0590254774 | ||
| 037 |
_bHarpercollins Childrens Books, 53 Glenmaura National Blvd Ste 300, Moosaic, PA, USA, 18507-2132 _nSAN 200-2086 |
||
| 040 |
_aBaker & Taylor _cBaker & Taylor _erda |
||
| 050 | 1 | 4 |
_aPZ7.L58474 _bHo 1994c |
| 082 | 0 | 4 |
_a[Fic] _220 |
| 092 | _aJ LEWIS | ||
| 100 | 1 |
_aLewis, C. S. _q(Clive Staples), _d1898-1963. _96108 |
|
| 245 | 1 | 4 |
_aThe horse and his boy / _cC.S. Lewis ; illustrated by Pauline Baynes. |
| 250 | _a1st Harper Trophy ed. | ||
| 260 |
_aNew York : _bHarperTrophy, _c1994, c1954. |
||
| 264 |
_aNew York _bScholastic _c1982 |
||
| 300 |
_a241 p. : _bill., map ; _c18 cm. |
||
| 336 | _atext | ||
| 337 | _aunmediated | ||
| 338 | _avolume | ||
| 490 | 1 |
_aThe Chronicles of Narnia ; _vbk. 3 |
|
| 500 | _aOriginally published: 1954. | ||
| 520 | _aA boy and a talking horse share an adventurous and dangerous journey to Narnia to warn of invading barbarians. | ||
| 650 | 0 | 1 |
_aFantasy. _983797 |
| 700 | 1 |
_aBaynes, Pauline, _eill. _99257 |
|
| 800 | 1 |
_aLewis, C. S. _q(Clive Staples), _d1898-1963. _tChronicles of Narnia (HarperCollins (Firm)) ; _vbk. 3. _939606 |
|
| 942 |
_2ddc _cBOOK |
||